Catálogo público

Los baculovirus y sus aplicaciones como bioinsecticidas en el control biológico de plagas / (Record no. 208113)

MARC details
000 -CABECERA
campo de control de longitud fija 00940nam a2200301Ia 4500
001 - NÚMERO DE CONTROL
campo de control Para_9416
003 - IDENTIFICADOR DEL NÚMERO DE CONTROL
campo de control CHAP
008 - DATOS DE LONGITUD FIJA--INFORMACIÓN GENERAL
campo de control de longitud fija 220125s2001 xx 000 0 und d
010 ## - NÚMERO DE CONTROL DE LA BIBLIOTECA DEL CONGRESO
Número de control de LC 208113
040 ## - FUENTE DE LA CATALOGACIÓN
Centro/agencia transcriptor CHAP
082 ## - NÚMERO DE LA CLASIFICACIÓN DECIMAL DEWEY
Número de clasificación 632.96 P7
100 ## - ENTRADA PRINCIPAL--NOMBRE DE PERSONA
Nombre de persona Caballero, Primitivo (ed.)
9 (RLIN) 174503
245 ## - MENCIÓN DE TÍTULO
Título Los baculovirus y sus aplicaciones como bioinsecticidas en el control biológico de plagas /
Mención de responsabilidad, etc. edit. por Primitivo Caballero, Trevor Williams y Miguel López-Ferber
260 ## - PUBLICACIÓN, DISTRIBUCIÓN, ETC.
Lugar de publicación, distribución, etc. Valencia, España :
Nombre del editor, distribuidor, etc. Phytoma
300 ## - DESCRIPCIÓN FÍSICA
Extensión 518 p.
650 ## - PUNTO DE ACCESO ADICIONAL DE MATERIA--TÉRMINO DE MATERIA
Término de materia o nombre geográfico como elemento de entrada Baculovirus
9 (RLIN) 174504
650 ## - PUNTO DE ACCESO ADICIONAL DE MATERIA--TÉRMINO DE MATERIA
Término de materia o nombre geográfico como elemento de entrada Bioinsecticidas
9 (RLIN) 174505
650 ## - PUNTO DE ACCESO ADICIONAL DE MATERIA--TÉRMINO DE MATERIA
Término de materia o nombre geográfico como elemento de entrada Control biológico de plagas
9 (RLIN) 27587
700 ## - PUNTO DE ACCESO ADICIONAL--NOMBRE DE PERSONA
Nombre de persona López
Número Internacional Normalizado para Publicaciones Seriadas Ferber Miguel
9 (RLIN) 164225
700 ## - PUNTO DE ACCESO ADICIONAL--NOMBRE DE PERSONA
Nombre de persona Williams Trevor
9 (RLIN) 122108
901 ## - ELEMENTOS DE DATOS A LOCAL LDA (RLIN)
a 632.96 P7
902 ## - ELEMENTOS DE DATOS B LOCAL, LDB (RLIN)
a M
905 ## - ELEMENTOS DE DATOS E LOCAL, LDE (RLIN)
a 0000002001 amn 0000000000 00
910 ## - DATOS DE OPCIÓN DEL USUARIO (OCLC)
Datos de opción del usuario 2001
942 ## - ELEMENTOS DE PUNTO DE ACCESO ADICIONAL (KOHA)
Tipo de ítem Koha Parasitologia_
942 ## - ELEMENTOS DE PUNTO DE ACCESO ADICIONAL (KOHA)
Tipo de ítem Koha Parasitologia_
-- 1
Holdings
Estado de retiro Estado de pérdida Fuente del sistema de clasificación o colocación Estado dañado No para préstamo Código de colección Localización permanente Ubicación/localización actual Fecha de adquisición Número de inventario Total de préstamos Signatura topográfica completa Código de barras Fecha visto por última vez Número de copia Precio válido a partir de Tipo de ítem Koha Nota pública
    Dewey Decimal Classification     General Parasitologia Agricola Parasitologia Agricola 11/04/2008 (PA_09291) (No. UACh C/E)   632.96 P7 4102003071 25/01/2022 Ej.1 25/01/2022 Libro 3